[Event "IECC M email"]
[Site "IECC email"]
[Date "1998.08.08"]
[Round "?"]
[White "Toye, Daniel T"]
[Black "Sad, Wang"]
[Result "0-1"]
[WhiteElo "1205"]
[BlackElo "1200"]
[PlyCount "32"]
[EventDate "1998.??.??"]
[EventType "tourn (corr)"]
[EventRounds "12"]
[SourceTitle "Corr 2008"]
[Source "ChessBase"]
[SourceDate "2008.06.24"]
[SourceVersion "1"]
[SourceVersionDate "2008.06.24"]
[SourceQuality "1"]

1. e4 e5 2. Nf3 Nc6 3. Bb5 a6 4. Bxc6 dxc6 5. 0-0 f6 6. d3 Bc5 7. c3 Bg4 8. d4 exd4 9. cxd4 Bxf3 10. Qxf3 Bxd4 11. Rd1 c5 12. Nc3 Ne7 13. Ne2 Bxf2+ 14. Kxf2 Qxd1 15. e5 fxe5 16. b3 Rf8 0-1